[Event "Santa Eugenia op 17th"]
[Site "Santa Eugenia"]
[Date "2023.07.31"]
[Round "1"]
[White "Amich Vidal, Pau"]
[Black "Villar Reymundo, Juan Antonio"]
[Result "0-1"]
[WhiteElo "1553"]
[BlackElo "2196"]
[PlyCount "52"]
[EventDate "2023.07.31"]
[EventType "swiss"]
[EventRounds "9"]
[EventCountry "ESP"]
[SourceTitle "CBM 215 Extra"]
[Source "ChessBase"]
[SourceDate "2023.09.30"]
[SourceVersion "1"]
[SourceVersionDate "2023.09.30"]
[SourceQuality "1"]

1. e4 c5 2. Nf3 Nc6 3. d4 cxd4 4. Nxd4 Nf6 5. Nc3 d6 6. Bg5 e6 7. f4 h6 8. Bh4 Be7 9. Bc4 Qb6 10. Bf2 Qb4 11. Bb5 Bd7 12. a3 Qa5 13. Nb3 Qc7 14. Qf3 a6 15. Be2 b5 16. 0-0 0-0 17. Rad1 b4 18. axb4 Nxb4 19. Bh4 Bc6 20. Nd4 Bb7 21. Bd3 Nxd3 22. Bxf6 Nxb2 23. Bxe7 Nxd1 24. Bxf8 Nxc3 25. Bxd6 Qc4 26. Qd3 Qxd4+ 0-1

[Event "Girona Tardor op 4th"]
[Site "Girona"]
[Date "2020.09.15"]
[Round "1"]
[White "Rovira Vila, Jaume"]
[Black "Amich Vidal, Pau"]
[Result "1-0"]
[WhiteElo "2015"]
[BlackElo "1540"]
[PlyCount "79"]
[EventDate "2020.09.15"]
[EventType "swiss"]
[EventRounds "8"]
[EventCountry "ESP"]
[SourceTitle "EXT 2022"]
[Source "ChessBase"]
[SourceDate "2021.10.06"]
[SourceVersion "1"]
[SourceVersionDate "2021.10.06"]
[SourceQuality "1"]

1. Nf3 e6 2. b3 f5 3. Bb2 Nf6 4. d3 Be7 5. Nbd2 0-0 6. e4 fxe4 7. dxe4 b6 8. Bd3 Ba6 9. c4 d5 10. e5 Ng4 11. Qc2 h5 12. 0-0 Nc6 13. a3 d4 14. Rae1 Bb7 15. Bh7+ Kh8 16. Qg6 Qe8 17. Qxe8 Raxe8 18. Bg6 Rd8 19. Bxh5 Nh6 20. Bg6 Nb8 21. Nxd4 Rf4 22. N2f3 Rg4 23. Bh5 Bxf3 24. Nxf3 Rf4 25. Bc1 Rff8 26. Rd1 Nc6 27. Bg6 Ng4 28. Bb2 Na5 29. Bc2 Nc6 30. h3 Nh6 31. b4 Nf7 32. Rxd8 Rxd8 33. Rd1 Rxd1+ 34. Bxd1 Kh7 35. Bc2+ Kh6 36. Be4 Nb8 37. g4 Nd7 38. Kg2 Nf8 39. Kg3 Ng6 40. h4 1-0

[Event "Gerunda Tardor 3rd op"]
[Site "Gerunda"]
[Date "2019.11.12"]
[Round "7.5"]
[White "Lloveras Gomis, Jose"]
[Black "Amich Vidal, Pau"]
[Result "0-1"]
[WhiteElo "1838"]
[BlackElo "1810"]
[PlyCount "96"]
[EventDate "2019.09.24"]
[EventType "swiss"]
[EventRounds "9"]
[EventCountry "ESP"]
[SourceTitle "EXT 2024"]
[Source "ChessBase"]
[SourceDate "2023.10.10"]
[SourceVersion "1"]
[SourceVersionDate "2023.10.10"]
[SourceQuality "1"]

1. e4 e5 2. Nf3 Nc6 3. d4 exd4 4. Nxd4 Qh4 5. Nc3 Bb4 6. Qd3 Bxc3+ 7. bxc3 Nf6 8. Nxc6 dxc6 9. e5 Ng4 10. g3 Nxe5 11. Qe3 Qe7 12. Be2 Bh3 13. f4 Ng6 14. Qxe7+ Nxe7 15. Bf3 0-0-0 16. Be3 Nd5 17. Bd4 Rhe8+ 18. Kf2 g6 19. Rhe1 Bf5 20. Rxe8 Rxe8 21. Rc1 b6 22. g4 Bd7 23. Bxd5 cxd5 24. g5 Bf5 25. Be5 Kd7 26. Ke3 c5 27. Kd2 Kc6 28. h4 Kb5 29. a4+ Ka5 30. Rb1 Bd7 31. Rh1 Bxa4 32. h5 Re6 33. hxg6 hxg6 34. Rh7 Be8 35. Rh1 Kb5 36. Ra1 a5 37. Kd3 a4 38. Rb1+ Ka5 39. c4 dxc4+ 40. Kxc4 Bd7 41. Bc3+ Ka6 42. Be5 b5+ 43. Kxc5 Rc6+ 44. Kb4 Rxc2 45. Ka3 Bc6 46. Rd1 Rc5 47. Rd3 Rc4 48. Rc3 b4+ 0-1

[Event "Gerunda Tardor 3rd op"]
[Site "Gerunda"]
[Date "2019.10.01"]
[Round "2.4"]
[White "Amich Vidal, Pau"]
[Black "Mundet Riera, Joaquim"]
[Result "0-1"]
[WhiteElo "1810"]
[BlackElo "2060"]
[PlyCount "36"]
[EventDate "2019.09.24"]
[EventType "swiss"]
[EventRounds "9"]
[EventCountry "ESP"]
[SourceTitle "EXT 2024"]
[Source "ChessBase"]
[SourceDate "2023.10.10"]
[SourceVersion "1"]
[SourceVersionDate "2023.10.10"]
[SourceQuality "1"]

1. e4 e6 2. d4 d5 3. exd5 exd5 4. Bd3 Nf6 5. h3 Bd6 6. Qf3 h6 7. Ne2 0-0 8. 0-0 Re8 9. Bf4 c6 10. Nd2 b6 11. Rfe1 Ba6 12. c3 Bxd3 13. Qxd3 Rxe2 14. Bxd6 Rxe1+ 15. Rxe1 Qxd6 16. Qf5 Nbd7 17. c4 Re8 18. Rc1 Re2 0-1

[Event "Sant Gregori op 4th"]
[Site "Sant Gregori"]
[Date "2019.07.10"]
[Round "3.8"]
[White "Amich Vidal, Pau"]
[Black "Torrent Lagresa, Josep M"]
[Result "0-1"]
[WhiteElo "1467"]
[BlackElo "1620"]
[PlyCount "93"]
[EventDate "2019.07.08"]
[EventType "swiss"]
[EventRounds "7"]
[EventCountry "ESP"]
[SourceTitle "EXT 2024"]
[Source "ChessBase"]
[SourceDate "2023.10.10"]
[SourceVersion "1"]
[SourceVersionDate "2023.10.10"]
[SourceQuality "1"]

1. e4 e5 2. Nf3 Nc6 3. Bc4 Nf6 4. Ng5 d5 5. exd5 Na5 6. Bb5+ Bd7 7. Bxd7+ Qxd7 8. Nc3 Nxd5 9. Qe2 Nc6 10. Nxd5 Qxd5 11. Qf3 Qd7 12. d3 h6 13. Ne4 0-0-0 14. 0-0 f5 15. Ng3 Nd4 16. Qd1 Bc5 17. Be3 Kb8 18. c3 Ne6 19. Nxf5 Bxe3 20. Nxe3 Qxd3 21. Qxd3 Rxd3 22. Rad1 Rhd8 23. Rxd3 Rxd3 24. Rd1 Rxd1+ 25. Nxd1 Nc5 26. Kf1 Kc8 27. Ke2 Kd7 28. b4 Ne6 29. h4 b5 30. Ke3 Kd6 31. Kf3 c5 32. a3 cxb4 33. axb4 a6 34. g3 Nc7 35. Ke4 Ke6 36. Ne3 g6 37. f3 Ne8 38. Ng4 Nd6+ 39. Ke3 h5 40. Nf2 Nf5+ 41. Kd3 Nxg3 42. Ne4 Nxe4 43. Kxe4 Kf6 44. f4 exf4 45. Kxf4 Ke6 46. Kg5 Kf7 47. Kf4 0-1

[Event "Girona Gerunda op"]
[Site "Girona"]
[Date "2018.10.09"]
[Round "3"]
[White "Vidal Palou, Jordi"]
[Black "Amich Vidal, Pau"]
[Result "1-0"]
[WhiteElo "1927"]
[BlackElo "1671"]
[PlyCount "101"]
[EventDate "2018.09.25"]
[EventType "swiss"]
[EventRounds "9"]
[EventCountry "ESP"]
[SourceTitle "EXT 2020"]
[Source "ChessBase"]
[SourceDate "2019.10.17"]
[SourceVersion "1"]
[SourceVersionDate "2019.10.17"]
[SourceQuality "1"]

1. d4 e6 2. e4 d5 3. exd5 exd5 4. Bd3 Nf6 5. Bg5 c6 6. Nf3 Bd6 7. Ne5 Nbd7 8. 0-0 0-0 9. f4 Qb6 10. b3 Qxd4+ 11. Kh1 Qxa1 12. c3 Nxe5 13. fxe5 Bxe5 14. Bxf6 Bxf6 15. Rxf6 g6 16. Qc2 Kg7 17. Rf1 Bf5 18. Bxf5 gxf5 19. Qxf5 Qb2 20. h3 Qe2 21. Qf6+ Kg8 22. Rf3 Qe1+ 23. Kh2 Qxb1 24. Rg3+ Qg6 25. Rxg6+ fxg6 26. Qe6+ Rf7 27. b4 a6 28. a4 Raf8 29. b5 axb5 30. axb5 Kg7 31. bxc6 Rf6 32. Qxd5 bxc6 33. Qd7+ R8f7 34. Qd4 g5 35. Qe5 h6 36. Kg3 Kg6 37. Qe4+ Kg7 38. Qe8 Kg6 39. Qg8+ Kh5 40. Kh2 Rf8 41. Qg7 R8f7 42. Qg8 Rf8 43. Qh7 R8f7 44. Qe4 c5 45. Qd5 Rf2 46. Qxc5 Rc2 47. Qd6 Rff2 48. Qc6 Rc1 49. Qe8+ Kh4 50. Qe4+ Rf4 51. g3+ 1-0

[Event "Santa Eugenia op 13th"]
[Site "Santa Eugenia"]
[Date "2018.07.31"]
[Round "4"]
[White "Amich Vidal, Pau"]
[Black "Turon Crosa, Isaac"]
[Result "0-1"]
[WhiteElo "1504"]
[BlackElo "1781"]
[PlyCount "36"]
[EventDate "2018.07.30"]
[EventType "swiss"]
[EventRounds "9"]
[EventCountry "ESP"]
[SourceTitle "CBM 185 Extra"]
[Source "ChessBase"]
[SourceDate "2018.07.29"]
[SourceVersion "1"]
[SourceVersionDate "2018.07.29"]
[SourceQuality "1"]

1. e4 e5 2. f4 exf4 3. Nf3 g5 4. h4 g4 5. Ne5 Qe7 6. Nxg4 Qxe4+ 7. Qe2 f5 8. Qxe4+ fxe4 9. Nc3 d5 10. Nxd5 Bxg4 11. Nxc7+ Kd7 12. Nxa8 Bd6 13. Be2 f3 14. Bb5+ Nc6 15. Kf2 fxg2 16. Re1 Bf3 17. d4 Nf6 18. Rg1 Ng4+ 0-1